Foreign Assistance Act of 1964. hearings before the United States House Committee on Foreign Affairs, Eighty-Eighth Congress, second session, on Apr. 16, 17, 20-22, 1964. Part 4 :

Classified material has been deleted.

Bibliographic Details
Corporate Authors: United States. Congress. House. Committee on Foreign Affairs, ProQuest (Firm)
Format: Government Document eBook
Language:English
Published: Washington : U.S. G.P.O., 1964.
Series:U.S. Congressional Hearings.
Subjects:
Online Access:Connect to the full text of this electronic book

MARC

Tag First Indicator Second Indicator Subfields
LEADER 00000cam a22000001a 4500
001 in00003194821
006 m d f
007 cr bn mmmapmmp
008 090623s1964 dcu o f000 0 eng d
005 20260511211609.8
035 |a cis2007428073 
040 |a UMI  |c UMI  |d UtOrBLW 
043 |a n-us--- 
086 0 |a Y 4.F 76/1:F 76/28/964/pt.4 
099 |a HRG-1964-FOA-0014 
110 1 |a United States.  |b Congress.  |b House.  |b Committee on Foreign Affairs. 
245 1 0 |a Foreign Assistance Act of 1964.  |n Part 4 :  |b hearings before the United States House Committee on Foreign Affairs, Eighty-Eighth Congress, second session, on Apr. 16, 17, 20-22, 1964. 
264 1 |a Washington :  |b U.S. G.P.O.,  |c 1964. 
300 |a 1 online resource. 
336 |a text  |b txt  |2 rdacontent 
337 |a computer  |b c  |2 rdamedia 
338 |a online resource  |b cr  |2 rdacarrier 
500 |a Record is based on bibliographic data in ProQuest Congressional Hearings Digital Collection. Reuse except for individual research requires license from ProQuest, LLC. 
520 |a Classified material has been deleted. 
520 |a Considers (88) H.R. 10502, (88) H.R. 11380, (88) H.R. 11415. 
538 |a System requirements: PDF reader software. 
500 |a Electronic resource. 
650 0 |a Economic assistance, American. 
650 0 |a Military assistance, American. 
650 0 |a Technical assistance, American. 
655 7 |a Electronic books.  |2 local 
710 2 |a ProQuest (Firm) 
776 0 8 |i Print version:  |a United States. Congress. House. Committee on Foreign Affairs.  |t Foreign Assistance Act of 1964 
776 0 8 |i Microfiche version:  |a United States. Congress. House. Committee on Foreign Affairs.  |t Foreign Assistance Act of 1964.  |d [Bethesda, Md.] : ProQuest,[2004]  |o CIS Hrgs MF Gp 3--(88) H2074-0-D  |w (ProQuest)cis10702116 
830 0 |a U.S. Congressional Hearings. 
856 4 0 |u http://proxy.library.tamu.edu/login?url=https://congressional.proquest.com/congcomp/getdoc?HEARING-ID=HRG-1964-FOA-0014  |z Connect to the full text of this electronic book  |t 0 
998 |a cis10702116 
999 |a MARS 
999 f f |s 59c514c4-2403-3111-90df-dc731c612fb2  |i a387a9b7-d6cc-3944-8192-f5082c2ece05  |t 0 
952 f f |a Texas A&M University  |b College Station  |c Electronic Resources  |s www_evans  |d Available Online  |t 0  |e HRG-1964-FOA-0014  |h Other scheme 
998 f f |a HRG-1964-FOA-0014  |t 0  |l Available Online